MARC details
| 000 -LEADER |
| campo de control de longitud fija |
01206cac a2200325 i 4500 |
| 003 - IDENTIFICADOR DE NÚMERO DE CONTROL |
| campo de control |
Co-PeBPM |
| 005 - FECHA Y HORA DE LA ÚLTIMA TRANSACCIÓN |
| campo de control |
20260318101828.0 |
| 007 - CAMPO FIJO DE DESCRIPCIÓN FÍSICA--INFORMACIÓN GENERAL |
| campo de control de longitud fija |
ta |
| 008 - DATOS DE LONGITUD FIJA--INFORMACIÓN GENERAL |
| campo de control de longitud fija |
201202s20072013ck a br 000 jdspa d |
| 020 ## - NÚMERO INTERNACIONAL ESTÁNDAR DEL LIBRO |
| Número Internacional Estándar del Libro |
9789588841304 |
| 040 0# - FUENTE DE CATALOGACIÓN |
| Centro catalogador/agencia de origen |
Co-PeBPM |
| Lengua de catalogación |
spa |
| Normas de descripción |
rda |
| Centro/agencia transcriptor |
Co-PeBPM |
| 041 1# - CÓDIGO DE IDIOMA |
| Código de lengua del texto/banda sonora o título independiente |
spa |
| 082 04 - NÚMERO DE LA CLASIFICACIÓN DECIMAL DEWEY |
| Número de edición |
22 |
| Número de clasificación |
(i) Br863 C683en |
| 100 1# - ENTRADA PRINCIPAL--NOMBRE DE PERSONA |
| Nombre de persona |
Colasanti, Marina |
| 9 (RLIN) |
5190 |
| Término indicativo de función/relación |
autora |
| 245 10 - MENCIÓN DEL TÍTULO |
| Título |
Entre la espada y la rosa |
| Mención de responsabilidad, etc. |
/ texto e ilustraciones Marina Colasanti; traducción de Beatriz Peña |
| 250 ## - MENCION DE EDICION |
| Mención de edición |
Edición especial |
| 264 #1 - PRODUCCIÓN, PUBLICACIÓN, DISTRIBUCIÓN, FABRICACIÓN Y COPYRIGHT |
| Producción, publicación, distribución, fabricación y copyright |
Bogotá, Colombia |
| Nombre del de productor, editor, distribuidor, fabricante |
: Babel Libros |
| Fecha de producción, publicación, distribución, fabricación o copyright |
, 2020 |
| 300 ## - DESCRIPCIÓN FÍSICA |
| Extensión |
112 páginas |
| Otras características físicas |
: ilustraciones en blanco y negro |
| Dimensiones |
; 18 centímetros |
| 490 0# - MENCIÓN DE SERIE |
| Mención de serie |
Plan Nacional de Lectura y Escritura Leer es mi Cuento / Ministerio de Cultura |
| 500 ## - NOTA GENERAL |
| Nota general |
Incluye índice. |
| 521 ## - NOTA DE PÚBLICO DESTINATARIO |
| Nota de público destinatario |
Recomendado para un público infantil mayor de 9 años |
| 648 17 - PUNTO DE ACCESO ADICIONAL DE MATERIA--TÉRMINO CRONOLÓGICO |
| Término cronológico |
Siglo XX |
| Fuente del encabezamiento o término |
LEMB |
| 650 17 - PUNTO DE ACCESO ADICIONAL DE MATERIA--TÉRMINO DE MATERIA |
| Término de materia o nombre geográfico como elemento de entrada |
Cuentos infantiles brasileños |
| Fuente del encabezamiento o término |
LEMB |
| 9 (RLIN) |
161888 |
| 650 17 - PUNTO DE ACCESO ADICIONAL DE MATERIA--TÉRMINO DE MATERIA |
| Término de materia o nombre geográfico como elemento de entrada |
Literatura infantil brasileña |
| Fuente del encabezamiento o término |
LEMB |
| 9 (RLIN) |
653 |
| 650 17 - PUNTO DE ACCESO ADICIONAL DE MATERIA--TÉRMINO DE MATERIA |
| Término de materia o nombre geográfico como elemento de entrada |
Autores brasileños |
| Fuente del encabezamiento o término |
LEMB |
| 9 (RLIN) |
150422 |
| 650 17 - PUNTO DE ACCESO ADICIONAL DE MATERIA--TÉRMINO DE MATERIA |
| Término de materia o nombre geográfico como elemento de entrada |
Fantasía |
| Fuente del encabezamiento o término |
LEMB |
| 9 (RLIN) |
12236 |
| 650 17 - PUNTO DE ACCESO ADICIONAL DE MATERIA--TÉRMINO DE MATERIA |
| Término de materia o nombre geográfico como elemento de entrada |
Imaginación |
| Fuente del encabezamiento o término |
LEMB |
| 9 (RLIN) |
10360 |
| 700 1# - ENTRADA AGREGADA--NOMBRE PERSONAL |
| Nombre de persona |
Peña Trujillo, Beatriz |
| Término indicativo de función/relación |
traductora |
| 9 (RLIN) |
111748 |
| 942 ## - ELEMENTOS DE ENTRADA SECUNDARIOS (KOHA) |
| Fuente del sistema de clasificación o colocación |
Clasificación Decimal Dewey |
| Tipo de ítem Koha |
Libros |